[Event "Tourn. n8225"]
[Site "www.chess-mail.com"]
[Date "2015.08.03"]
[Round "1"]
[White "Numanoid"]
[Black "Nimzo"]
[WhiteElo "2590"]
[BlackElo "2720"]
[Result "0-1"]
[Round "1"]
1.e4 e6
2.d4 d5
3.Nb1c3 Ng8f6
4.e5 Nf6d7
5.f4 c5
6.Ng1f3 Nb8c6
7.Bc1e3 cxd4
8.Nf3xd4 Qd8b6
9.Qd1d2 Qb6xb2
10.Ra1b1 Qb2a3
11.Bf1b5 Nc6xd4
12.Be3xd4 a6
13.Bb5xd7 Bc8xd7
14.Rb1b3 Qa3e7
15.Rb3xb7 Qe7d8
16.Bd4b6 Qd8c8
17.Rb7c7 Qc8d8
18.Qd2d4 Bf8a3
19.f5 Ra8c8
20.Rc7c6 Qd8e7
21.Rc6xc8 Bd7xc8
22.O-O Qe7b4
23.Rf1b1 Qb4xd4
24.Bb6xd4 O-O
25.Kf2 h6
26.Rb1b3 Ba3e7
27.f6 gxf6
28.exf6 Be7d6
29.h3 Bc8d7
30.Rb3b6 Bd6b8
31.Rb6xa6 Rf8c8
32.Ra6a3 e5
33.Bd4a7 Bb8xa7
34.Ra3xa7 Bd7e6
{ resign }
0-1

[Event "Tourn. n8293"]
[Site "www.chess-mail.com"]
[Date "2015.08.03"]
[Round "1"]
[White "Manolinex"]
[Black "Rons"]
[WhiteElo "2700"]
[BlackElo "2540"]
[Result "1-0"]
[Round "1"]
1.e4 c5
2.Ng1f3 d6
3.d4 cxd4
4.Nf3xd4 Ng8f6
5.Nb1c3 a6
6.Bf1e2 e5
7.Nd4b3 Bf8e7
8.O-O O-O
9.Bc1e3 Bc8e6
10.Qd1d3 Nb8d7
11.Nc3d5 Be6xd5
12.exd5 Nd7c5
13.Nb3xc5 dxc5
14.Be2f3 Qd8c7
15.c4 Nf6e8
16.Bf3e4 g6
17.Be3h6 f5
18.d6 Ne8xd6
19.Be4d5 Kh8
20.Bh6xf8 Be7xf8
21.f3 Bf8g7
22.Ra1d1 Ra8e8
23.Kh1 e4
24.Bd5xe4 Re8d8
25.Be4d5 Bg7xb2
26.a4 Kg7
27.Rf1e1 Bb2f6
28.Re1e6 f4
29.Re6xf6 Kxf6
30.Qd3c3 Kf5
31.g4 { resign }
1-0

[Event "Tourn. n8269"]
[Site "www.chess-mail.com"]
[Date "2015.08.03"]
[Round "1"]
[White "Julian"]
[Black "Mrbabu"]
[WhiteElo "1920"]
[BlackElo "2050"]
[Result "0-1"]
[Round "1"]
1.e4 c5
2.Ng1f3 Nb8c6
3.c3 e6
4.d4 cxd4
5.cxd4 d5
6.e5 Bf8b4
7.Nb1c3 Ng8e7
8.Bf1d3 O-O
9.O-O h6
10.a3 Bb4a5
11.b4 Ba5b6
12.Nc3e2 f5
13.Bc1b2 Bc8d7
14.Ra1c1 Ra8c8
15.Qd1d2 Ne7g6
16.Ne2f4 Ng6xf4
17.Qd2xf4 g5
18.Qf4g3 Kg7
19.h4 g4
20.Nf3h2 Nc6xd4
21.Rc1xc8 Bd7xc8
22.Nh2xg4 fxg4
23.Qg3xg4 Kf7
24.Bd3g6 Ke7
25.Bb2xd4 Bb6xd4
26.Qg4xd4 b6
27.h5 Qd8c7
28.Qd4h4 Kd7
29.g4 Qc7c4
30.Qh4g3 Bc8a6
31.Rf1d1 Qc4e2
32.Rd1c1 Rf8f3
33.Qg3h2 d4
34.Qh2g2 d3
35.g5 d2
36.Rc1a1 Qe2e1
37.Kh2 Qe1xa1
38.Qg2xf3 d1Q
39.Qf3f7 Kc8
40.Qf7xe6 Qd1d7
41.Qe6g8 Kc7
42.gxh6 Qa1xe5
43.Kg2 Ba6b7
44.f3 Qe5e2
{ resign }
0-1

[Event "Tourn. n8312"]
[Site "www.chess-mail.com"]
[Date "2015.08.03"]
[Round "1"]
[White "Vogue"]
[Black "Cheminet"]
[WhiteElo "1399"]
[BlackElo "1420"]
[Result "1-0"]
[Round "1"]
1.c4 e6
2.g3 d5
3.Bf1g2 Ng8f6
4.cxd5 exd5
5.Ng1f3 c5
6.O-O g6
7.e3 b5
8.d4 c4
9.Nf3e5 Bf8g7
10.b3 O-O
11.Bc1a3 Rf8e8
12.Nb1c3 a6
13.bxc4 bxc4
14.Ne5xc4 Bc8f5
15.Nc4d6 Nf6e4
16.Nc3xe4 dxe4
17.f3 exf3
18.Qd1xf3 Nb8c6
19.Qf3xc6 Re8xe3
20.Nd6xf5 gxf5
21.Qc6xa8 { resign }
1-0

[Event "Tourn. n8316"]
[Site "www.chess-mail.com"]
[Date "2015.08.03"]
[Round "1"]
[White "Coraza"]
[Black "Raulazo"]
[WhiteElo "1789"]
[BlackElo "1889"]
[Result "0-1"]
[Round "1"]
1.e4 e5
2.Ng1f3 Nb8c6
3.Bf1c4 h6
4.c3 Ng8f6
5.d3 Bf8c5
6.h3 O-O
7.O-O a6
8.Bc1e3 Bc5b6
9.Be3xb6 cxb6
10.Qd1b3 Nc6a5
 { time }
0-1

[Event "Tourn. n8271"]
[Site "www.chess-mail.com"]
[Date "2015.08.03"]
[Round "1"]
[White "Neverless"]
[Black "Nimzo"]
[WhiteElo "2660"]
[BlackElo "2720"]
[Result "0-1"]
[Round "1"]
1.e4 e6
2.d4 d5
3.Nb1c3 Ng8f6
4.e5 Nf6d7
5.f4 c5
6.Ng1f3 Nb8c6
7.Bc1e3 a6
8.Qd1d2 Bf8e7
9.dxc5 Nd7xc5
10.a3 O-O
11.O-O-O Qd8c7
12.Qd2f2 Nc5d7
13.Nf3d4 b5
14.h4 Ra8b8
15.h5 b4
16.Nd4xc6 Qc7xc6
17.axb4 Rb8xb4
18.Bf1e2 Qc6b7
19.h6 g6
20.b3 Qb7c6
21.Be3d4 a5
22.Kb2 a4
 { time }
0-1

[Event "Tourn. n8163"]
[Site "www.chess-mail.com"]
[Date "2015.08.03"]
[Round "1"]
[White "Hundegana"]
[Black "Francesco"]
[WhiteElo "1990"]
[BlackElo "2070"]
[Result "0-1"]
[Round "1"]
1.e4 c6
2.d3 d5
3.e5 Bc8f5
4.d4 e6
5.c3 Nb8d7
6.Nb1d2 c5
7.Nd2f3 Ng8e7
8.h3 Ne7c6
9.Bc1e3 Bf8e7
10.Ng1e2 O-O
11.Ne2g3 Bf5g6
12.Bf1b5 Ra8b8
13.O-O a6
14.Bb5xc6 bxc6
15.b3 cxd4
16.cxd4 c5
17.Ra1c1 cxd4
18.Be3xd4 Qd8a5
19.a4 Rf8c8
20.Rc1xc8 Rb8xc8
21.Rf1e1 Bg6c2
22.Qd1c1 Rc8c7
23.Qc1b2 Be7b4
24.Re1c1 Bc2g6
25.Rc1xc7 Qa5xc7
26.Ng3e2 Bg6e4
27.Nf3g5 Be4d3
28.Ne2g3 h6
29.Ng5f3 a5
30.Kh2 Qc7c2
31.Qb2xc2 Bd3xc2
32.Ng3e2 Bc2xb3
33.Bd4c3 Bb4xc3
34.Ne2xc3 Nd7c5
35.Nf3d4 Bb3xa4
36.Nc3xa4 Nc5xa4
37.Nd4c6 Na4c5
38.Nc6xa5 Nc5d3
39.f3 Nd3xe5
40.Na5b3 Kf8
41.Kg3 Ke7
42.Kf4 Kd6
43.g4 Ne5d3
44.Ke3 Nd3c5
45.Nb3d4 e5
46.Nd4f5 Ke6
47.Nf5xg7 Kf6
48.Ng7f5 h5
49.Nf5g3 d4
50.Kd2 hxg4
51.hxg4 Kg5
52.Ke2 Kf4
53.Ng3h5 Kg5
54.Nh5g3 f6
55.Ng3f5 Kf4
56.Nf5e7 d3
57.Kf2 e4
58.fxe4 Nc5xe4
59.Ke1 Kxg4
60.Ne7d5 Kf3
61.Nd5b4 d2
62.Kd1 f5
63.Nb4c2 f4
64.Nc2d4 Kf2
65.Nd4f5 f3
66.Nf5d4 Kg2
67.Nd4f5 f2
68.Nf5e3 Kg1
69.Ke2 Kh1
70.Kf1 Kh2
71.Ne3d1 Kg3
72.Nd1e3 Kf3
73.Ne3d1 Ne4g3
{ resign }
0-1

[Event "Tourn. n8324"]
[Site "www.chess-mail.com"]
[Date "2015.08.03"]
[Round "1"]
[White "Mitja"]
[Black "Vogue"]
[WhiteElo "1820"]
[BlackElo "1809"]
[Result "0-1"]
[Round "1"]
1.d4 Ng8f6
2.e3 e6
3.Ng1f3 b6
4.a3 Bc8b7
5.c3 c5
6.dxc5 Bf8xc5
7.Bf1e2 O-O
8.Be2c4 d5
9.Bc4b3 Nb8d7
10.Bb3a2 Bb7a6
11.Nb1d2 Bc5d6
12.Nd2b3 e5
13.Nf3g1 e4
14.Ng1e2 Nd7e5
15.O-O Nf6g4
16.h3 Qd8h4
17.Nb3d4 Ne5f3
18.gxf3 Qh4xh3
19.Rf1e1 Bd6h2
{ resign }
0-1

[Event "Tourn. n8326"]
[Site "www.chess-mail.com"]
[Date "2015.08.03"]
[Round "1"]
[White "Attatroll"]
[Black "Neo"]
[WhiteElo "1900"]
[BlackElo "1780"]
[Result "1-0"]
[Round "1"]
1.d4 d5
2.Ng1f3 e6
3.Bc1f4 h6
4.h3 Bf8b4
5.c3 Bb4d6
6.Bf4xd6 Qd8xd6
7.e3 Ng8f6
8.Bf1d3 Nf6e4
9.Nb1d2 Qd6c6
10.O-O b5
11.Nf3e5 Qc6b6
12.Nd2xe4 O-O
13.Qd1g4 g6
14.Ne5xg6 fxg6
15.Qg4xg6 Kh8
16.Ne4f6 Rf8xf6
17.Qg6h7 
1-0

[Event "Match"]
[Site "www.echecsemail.com"]
[Date "2015.08.03"]
[Round "1"]
[White "Mdesouza"]
[Black "Coraza"]
[WhiteElo "2210"]
[BlackElo "1789"]
[Result "1-0"]
[Round "1"]
1.e4 e5
2.Ng1f3 Nb8c6
3.Bf1c4 h6
4.d4 Qd8e7
5.O-O b6
6.Nb1c3 Ng8f6
7.Nc3d5  { time }
1-0

[Event "Match"]
[Site "www.echecsemail.com"]
[Date "2015.08.03"]
[Round "1"]
[White "Ruko"]
[Black "Billyg"]
[WhiteElo "1910"]
[BlackElo "1590"]
[Result "1-0"]
[Round "1"]
1.e4 e5
2.Ng1f3 Nb8c6
3.Bf1c4 h6
4.d4 Qd8e7
5.Nb1c3 a6
6.O-O Nc6a5
7.Bc4b3 d6
8.dxe5 dxe5
9.Nc3d5 Qe7c5
10.Nf3xe5 Na5xb3
11.axb3 Bc8e6
12.Bc1e3 Qc5a5
13.Ra1xa5 O-O-O
14.Qd1f3 Bf8b4
15.Nd5xb4 { resign }
1-0

[Event "Match"]
[Site "www.echecsemail.com"]
[Date "2015.08.03"]
[Round "1"]
[White "Mrmoto"]
[Black "Jhw"]
[WhiteElo "1580"]
[BlackElo "1779"]
[Result "0-1"]
[Round "1"]
1.e4 e5
2.Ng1f3 Ng8f6
3.Nf3xe5 Qd8e7
4.d4 Nf6xe4
5.Qd1f3 d5
6.Nb1d2 Ne4f6
7.Bf1d3 g6
8.c4 dxc4
9.Nd2xc4 Bc8e6
10.Qf3xb7 Be6d5
11.Qb7c8 Qe7d8
12.Qc8xd8 Kxd8
13.O-O Nf6h5
14.f3 f6
15.Ne5g4 f5
16.Ng4e3 Bd5b7
17.Nc4e5 Ke8
18.g4 Nh5f4
19.Bd3c4 Bf8g7
20.gxf5 Rh8f8
21.fxg6 hxg6
22.Ne3g4 Nf4h3
23.Kg2 Nh3f4
24.Kg3 Nf4h5
25.Kg2 Nb8d7
26.Ne5xg6 Rf8f5
27.h4 Bg7xd4
28.Rf1e1 Kd8
29.Bc1g5 Nd7f6
30.Ng6e7 Bb7xf3
31.Kh3 Bf3xg4
32.Kh2 Rf5f2
33.Kh1 Nh5g3
34.Kg1 Rf2e2
{ resign }
0-1

[Event "Eq:chess tigers-Angolana Scacchi : "]
[Site "www.chess-mail.com"]
[Date "2015.08.03"]
[Round "1"]
[White "Capitaine"]
[Black "Julianlore"]
[WhiteElo "2450"]
[BlackElo "2560"]
[Result "0-1"]
[Round "1"]
1.e4 c5
2.Ng1f3 Nb8c6
3.d4 cxd4
4.Nf3xd4 e6
5.Nb1c3 a6
6.Bf1c4 Qd8c7
7.Bc4b3 Ng8f6
8.O-O d6
9.Bc1e3 Bf8e7
10.f4 O-O
11.Nd4xc6 bxc6
12.e5 dxe5
13.fxe5 Qc7xe5
14.Be3d4 Be7c5
15.Bd4xc5 Qe5xc5
16.Kh1 Bc8b7
17.Qd1f3 Ra8d8
18.Qf3g3 Qc5e7
19.Rf1f2 Rd8d4
20.Ra1f1 Rd4g4
21.Qg3h3 Rg4g6
22.Kg1 c5
23.Rf1d1 Nf6g4
24.Rf2d2 c4
25.Bb3a4 Qe7c5
26.Kf1 Rg6f6
27.Ke1 Qc5g1
{ resign }
0-1

[Event "Eq:chibcha-Team USA : "]
[Site "www.chess-mail.com"]
[Date "2015.08.03"]
[Round "1"]
[White "Pablincho"]
[Black "Olddog55"]
[WhiteElo "1740"]
[BlackElo "1730"]
[Result "1-0"]
[Round "1"]
1.e4 e5
2.Ng1f3 Bf8d6
3.d4 Nb8c6
4.d5 Nc6e7
5.Nb1c3 c6
6.Bf1c4 Qd8a5
7.Bc1d2 b5
8.Nc3xb5 Qa5b6
9.Nb5xd6 Kd8
10.Nd6xf7 { resign }
1-0

[Event "Tourn. n8287"]
[Site "www.chess-mail.com"]
[Date "2015.08.04"]
[Round "1"]
[White "Manolinex"]
[Black "Szustan"]
[WhiteElo "2700"]
[BlackElo "2620"]
[Result "1/2-1/2"]
[Round "1"]
1.e4 e5
2.f4 exf4
3.Ng1f3 d5
4.exd5 Ng8f6
5.Bf1b5 c6
6.dxc6 Nb8xc6
7.Nb1c3 Bc8e6
8.O-O Bf8d6
9.Nf3g5 O-O
10.Ng5xe6 fxe6
11.d4 Ra8c8
12.Kh1 Qd8b6
13.Bc1xf4 Bd6xf4
14.Rf1xf4 Rc8d8
15.Bb5xc6 bxc6
16.Nc3a4 Qb6b5
17.c3 e5
18.Rf4f5 Rf8e8
19.Ra1c1 Qb5b8
20.Na4c5 exd4
21.cxd4 Qb8xb2
22.Qd1b3 Qb2xb3
23.Nc5xb3 Rd8d5
24.Rf5xd5 cxd5
25.h3 Kf7
26.a4 g5
{ draw }
1/2-1/2

[Event "Tourn. n8287"]
[Site "www.chess-mail.com"]
[Date "2015.08.04"]
[Round "1"]
[White "Nimzo"]
[Black "Asoka"]
[WhiteElo "2720"]
[BlackElo "2640"]
[Result "1-0"]
[Round "1"]
1.Ng1f3 d5
2.c4 d4
3.b4 f6
4.e3 e5
5.c5 d3
6.Qd1b3 e4
7.Nf3d4 f5
8.Nb1c3 Ng8f6
9.f3 a5
10.b5 Bf8xc5
11.Nd4e6 Qd8d6
12.Ne6xc5 Qd6xc5
13.Bc1a3 Qc5e5
14.Ra1c1 Bc8d7
15.g3 exf3
16.Bf1xd3 Bd7e6
17.Qb3b1 Nf6g4
18.O-O f2
19.Kg2 h5
20.Ba3b2 h4
21.Nc3e4 Qe5d5
22.Bd3c4 h3
23.Kh1 Qd5d7
24.Ne4c5 Be6d5
25.e4 Bd5xc4
26.Nc5xd7 Bc4xf1
27.Rc1xf1 Nb8xd7
28.Bb2xg7 Rh8g8
29.Bg7d4 { resign }
1-0

[Event "Tourn. n8295"]
[Site "www.chess-mail.com"]
[Date "2015.08.04"]
[Round "1"]
[White "Capitaine"]
[Black "Nimzo"]
[WhiteElo "2350"]
[BlackElo "2720"]
[Result "0-1"]
[Round "1"]
1.c4 e5
2.Nb1c3 Ng8f6
3.Ng1f3 Nb8c6
4.d4 exd4
5.Nf3xd4 Bf8b4
6.Nd4xc6 bxc6
7.Qd1c2 O-O
8.Bc1d2 d5
9.cxd5 cxd5
10.e3 d4
11.exd4 Rf8e8
12.Bf1e2 Bb4xc3
13.bxc3 Qd8d5
14.Bd2e3 Bc8f5
15.Be2d3 Qd5xg2
16.O-O-O Bf5g6
17.Bd3xg6 hxg6
18.Rd1g1 Qg2b7
19.h4 Ra8b8
20.h5 gxh5
21.Be3g5 Re8e2
22.Bg5d2 Nf6e4
{ resign }
0-1

[Event "Tourn. n8285"]
[Site "www.chess-mail.com"]
[Date "2015.08.04"]
[Round "1"]
[White "Cheminet"]
[Black "Louis"]
[WhiteElo "1420"]
[BlackElo "1680"]
[Result "0-1"]
[Round "1"]
1.e4 e5
2.Ng1f3 Nb8c6
3.Bf1c4 Bf8c5
4.c3 Ng8f6
5.d4 exd4
6.cxd4 Bc5b4
7.Nb1c3 Nf6xe4
8.O-O Bb4xc3
9.bxc3 d5
10.Bc1a3 dxc4
11.Rf1e1 f5
12.d5 Nc6e7
13.Nf3g5 O-O
14.Ng5xe4 fxe4
15.Re1xe4 Ne7xd5
16.Ba3xf8 Kxf8
17.Qd1f3 Qd8f6
18.Re4e8 Kxe8
19.Qf3xd5 Qf6e6
20.Qd5h5 Qe6g6
21.Ra1e1 Kf8
22.Qh5c5 Qg6d6
23.Qc5h5 Bc8d7
24.Re1d1 Qd6e6
25.Qh5xh7 Ra8e8
26.h3 Bd7c6
27.Qh7h8 Qe6g8
28.Qh8h5 Re8e7
29.Kf1 Qg8f7
30.f3 Qf7xh5
{ resign }
0-1

[Event "Tourn. n8293"]
[Site "www.chess-mail.com"]
[Date "2015.08.04"]
[Round "1"]
[White "Manolinex"]
[Black "Neverless"]
[WhiteElo "2700"]
[BlackElo "2660"]
[Result "1-0"]
[Round "1"]
1.e4 c5
2.Ng1f3 d6
3.d4 cxd4
4.Nf3xd4 Ng8f6
5.Nb1c3 a6
6.Bf1e2 e5
7.Nd4b3 Bf8e7
8.Bc1e3 Bc8e6
9.Qd1d3 Nb8c6
10.a3 O-O
11.O-O Ra8c8
12.Nc3d5 Be6xd5
13.exd5 e4
14.Qd3d2 Nc6e5
15.Ra1c1 Ne5c4
16.Be2xc4  { time }
1-0

[Event "Tourn. n8346"]
[Site "www.chess-mail.com"]
[Date "2015.08.04"]
[Round "1"]
[White "Ruko"]
[Black "Bojan"]
[WhiteElo "1880"]
[BlackElo "1910"]
[Result "1-0"]
[Round "1"]
1.e4 g6
2.d4 Bf8g7
3.Ng1f3 d5
4.Nb1c3 dxe4
5.Nc3xe4 b6
6.Bf1b5 Bc8d7
7.Bb5xd7 Qd8xd7
8.c3 Qd7b5
9.Qd1c2 Nb8d7
10.c4 Qb5f5
11.O-O c5
12.Rf1e1 cxd4
13.Ne4d6 Kf8
14.Nd6xf5 gxf5
15.Qc2xf5 e6
16.Qf5e4 Ra8b8
17.Nf3xd4 Ng8f6
18.Qe4f3 Nd7c5
19.Bc1g5 Nf6e4
20.Re1xe4 { resign }
1-0

[Event "Tourn. n8347"]
[Site "www.chess-mail.com"]
[Date "2015.08.04"]
[Round "1"]
[White "Mitja"]
[Black "Bojan"]
[WhiteElo "1800"]
[BlackElo "1900"]
[Result "1/2-1/2"]
[Round "1"]
1.d4 d5
2.e3 Nb8c6
3.h3 Bc8f5
4.c3 Qd8d6
5.Ng1f3 e5
6.Nf3xe5 Nc6xe5
7.dxe5 Qd6xe5
8.Bf1b5 c6
9.Bb5d3 Bf5e4
10.Bd3xe4 Qe5xe4
11.O-O Bf8d6
12.Nb1d2 Qe4e5
13.Nd2f3 Qe5f5
14.Nf3d4 Qf5g6
15.Qd1b3 Ra8b8
16.Qb3c2 Ng8f6
17.Qc2xg6 hxg6
18.a3 g5
19.Nd4f5 Bd6f8
20.Bc1d2 g6
21.Nf5d4 g4
22.hxg4 Nf6xg4
23.Nd4f3 f6
24.b4 Bf8d6
25.g3 Kf7
26.Kg2 Ng4e5
27.Nf3xe5 Bd6xe5
28.Rf1h1 Kg7
29.f4 Be5c7
30.Rh1xh8 Rb8xh8
31.Ra1h1 Rh8xh1
32.Kxh1 Kh6
33.Kg2 a5
34.Kf3 axb4
35.axb4 b6
36.g4 Kg7
37.e4 Kf7
38.exd5 cxd5
39.Ke3 Ke6
40.Kd4 Kd6
41.c4 dxc4
42.Kxc4 Kc6
{ draw }
1/2-1/2

[Event "Tourn. n8323"]
[Site "www.chess-mail.com"]
[Date "2015.08.04"]
[Round "1"]
[White "Zazi"]
[Black "Mitja"]
[WhiteElo "1630"]
[BlackElo "1660"]
[Result "0-1"]
[Round "1"]
1.e4 d5
2.Bf1d3 e6
3.Ng1f3 Ng8f6
4.Qd1e2 dxe4
5.Bd3xe4 Nf6xe4
6.Qe2xe4 c6
7.O-O h6
8.Rf1e1 Bf8c5
9.b4 Bc5b6
10.Nf3e5 Nb8d7
11.a4 a6
12.Bc1a3 Nd7xe5
13.Qe4xe5 O-O
14.b5 Rf8e8
15.bxc6 bxc6
16.c4 Bb6c7
17.Qe5e4 Bc8b7
18.g3 Ra8b8
19.Qe4g4 Qd8f6
20.Ra1a2 Re8d8
21.Ba3b2 Qf6g5
22.Qg4f3 h5
23.h4 Qg5g6
24.Nb1c3 Rd8xd2
25.Nc3e4 Rd2d8
26.Ne4g5 c5
27.Qf3e3 Bc7a5
28.Re1e2 Qg6b1
29.Bb2c1 Rd8d1
30.Re2e1 Rd1xe1
31.Qe3xe1 Ba5xe1
32.Ra2b2 Qb1xc1
33.Rb2e2 Be1d2
34.Kh2 Qc1h1

0-1

[Event "Tourn. n8323"]
[Site "www.chess-mail.com"]
[Date "2015.08.04"]
[Round "1"]
[White "Zazi"]
[Black "Olddog55"]
[WhiteElo "1630"]
[BlackElo "1740"]
[Result "1-0"]
[Round "1"]
1.e4 e5
2.Qd1f3 Ng8f6
3.g4 d5
4.exd5 Nf6xd5
5.Bf1c4 c6
6.Nb1c3 Bc8e6
7.Ng1h3 Qd8e7
8.O-O Qe7c5
9.Bc4xd5 cxd5
10.d3 Bf8e7
11.Bc1e3 Qc5b4
12.Nc3xd5 Qb4xb2
13.Nd5c7 Kd7
14.Nc7xa8 Nb8c6
15.Ra1b1 Qb2xa2
16.Rb1xb7 Kd6
17.Rb7c7 Nc6b4
18.Be3c5 
1-0

[Event "Tourn. n8324"]
[Site "www.chess-mail.com"]
[Date "2015.08.04"]
[Round "1"]
[White "Amaya"]
[Black "Mitja"]
[WhiteElo "1880"]
[BlackElo "1840"]
[Result "1-0"]
[Round "1"]
1.d4 d5
2.e3 e6
3.Bf1d3 a6
4.Nb1d2 Ng8f6
5.f4 Nb8c6
6.c3 h6
7.Ng1f3 b5
8.O-O Nf6h7
9.Nf3e5 Nc6xe5
10.fxe5 f6
11.Qd1h5 Ke7
12.e4 c6
13.exd5 cxd5
14.b3 Qd8c7
15.Bc1a3 Kd8
16.Ba3xf8 Rh8xf8
17.Bd3xh7 Qc7xc3
18.Nd2f3 f5
19.Ra1c1 Qc3e3
20.Kh1 Bc8d7
21.Qh5h4 { resign }
1-0

[Event "Match"]
[Site "www.echecsemail.com"]
[Date "2015.08.04"]
[Round "1"]
[White "Johndyson"]
[Black "Xkafi"]
[WhiteElo "2390"]
[BlackElo "1960"]
[Result "1-0"]
[Round "1"]
1.Ng1f3 f6
2.e4 e5
3.Nf3xe5 fxe5
4.Qd1h5 Ke7
5.Qh5xe5 Kf7
6.Bf1c4 d5
7.Bc4xd5 Kg6
8.h4 h5
9.Bd5xb7 Bf8d6
10.Qe5a5 Ng8e7
11.Bb7xa8 Ne7c6
12.Qa5a4 Bc8d7
13.d4 Qd8e8
14.Nb1c3 Nc6b4
15.Qa4b3 Nb8a6
16.a3 Qe8xa8
17.axb4 Na6xb4
18.Bc1g5 Rh8e8
19.O-O a5
20.e5 Bd6f8
21.Nc3e2 Qa8e4
22.Ne2f4 Kh7
23.Rf1e1 Qe4f5
24.e6 Bd7c6
25.e7 Bf8xe7
26.Re1e5 Qf5xc2
27.Qb3f7 Be7xg5
28.Re5xg5 { resign }
1-0

[Event "Match"]
[Site "www.echecsemail.com"]
[Date "2015.08.04"]
[Round "1"]
[White "Gilliere"]
[Black "Harrytheking"]
[WhiteElo "1790"]
[BlackElo "1770"]
[Result "1-0"]
[Round "1"]
1.e4 b6
2.d4 Bc8a6
3.Bf1xa6 Nb8xa6
4.Ng1f3 h6
5.O-O e6
6.c3 b5
7.Bc1e3 Ng8e7
8.Nb1d2 Ne7g6
9.e5 Bf8e7
10.Nd2b3 d6
11.exd6 Be7xd6
12.Nb3a5 Ng6e7
13.h3 O-O
14.Na5b7 Qd8d7
15.Nb7xd6 cxd6
16.b4 Ne7d5
17.Be3d2 Na6c7
18.a4 bxa4
19.Qd1xa4 Qd7xa4
20.Ra1xa4 Nd5b6
21.Ra4a1 Nb6c4
22.Ra1a2 Nc4xd2
23.Nf3xd2 a6
24.Nd2e4 d5
25.Ne4c5 Nc7b5
26.Ra2xa6 Nb5xc3
27.Ra6xa8 Rf8xa8
28.g4 Nc3e2
29.Kg2 Ne2xd4
30.Rf1b1  { time }
1-0

[Event "Match"]
[Site "www.echecsemail.com"]
[Date "2015.08.04"]
[Round "1"]
[White "Chapi"]
[Black "Gegonz"]
[WhiteElo "2030"]
[BlackElo "1970"]
[Result "1-0"]
[Round "1"]
1.d4 d5
2.c4 dxc4
3.Nb1c3 Ng8f6
4.e4 a6
5.Bf1xc4 b5
6.Bc4b3 e5
7.dxe5 Qd8xd1
8.Bb3xd1 Nf6g4
9.Nc3d5 Kd8
10.Bc1g5 f6
11.exf6 Bf8b4
12.Nd5xb4 gxf6
13.Bg5h4 Ke7
14.Nb4d5 Kd6
15.Bh4g3 { resign }
1-0

[Event "Match"]
[Site "www.echecsemail.com"]
[Date "2015.08.04"]
[Round "1"]
[White "Norbos"]
[Black "Vinvangogh"]
[WhiteElo "1600"]
[BlackElo "1480"]
[Result "1-0"]
[Round "1"]
1.e4 e5
2.d3 Ng8f6
3.Ng1f3 Nb8c6
4.Nb1c3 Bf8c5
5.h3 d5
6.Bc1g5 O-O
7.exd5 Nc6d4
8.Nf3xe5 Qd8e7
9.f4 a6
10.Qd1d2 b5
11.O-O-O b4
12.Nc3e4 a5
13.Qd2e1 a4
14.Qe1g3 b3
15.c3 bxa2
16.Bg5xf6 a1Q
17.Kd2 Qa1xb2
18.Ke1 g6
19.Bf6xe7 Nd4c2
20.Ke2 Nc2e3
21.Rd1d2 Qb2b3
22.Be7xc5 Ne3f5
23.Qg3g4 h5
24.Ne4f6 Kg7
25.Nf6xh5 Kh8
26.Qg4g5 Rf8e8
27.Kf2 Qb3xc3
28.Ne5xf7 Kg8
29.Qg5xg6 Qc3g7
30.Nh5xg7 Nf5xg7
31.Bc5d4 Bc8f5
32.Qg6xg7 { resign }
1-0

[Event "Match"]
[Site "www.echecsemail.com"]
[Date "2015.08.04"]
[Round "1"]
[White "Ostapbender"]
[Black "Gimmyg"]
[WhiteElo "2710"]
[BlackElo "2260"]
[Result "1-0"]
[Round "1"]
1.e4 Nb8c6
2.Ng1f3 f5
3.exf5 d5
4.Bf1b5 Bc8xf5
5.Nf3e5 Qd8d6
6.d4 Ng8f6
7.O-O Nf6d7
8.c4 Nc6xe5
9.dxe5 Qd6xe5
10.Rf1e1 Qe5f6
11.cxd5 O-O-O
12.Bc1f4 a6
13.Qd1c1 Qf6b6
14.Bb5c4 Kb8
15.Nb1c3 Rd8c8
16.Qc1d2 Nd7c5
17.Ra1c1 Qb6b4
18.Bc4e2 e6
19.a3 Qb4b6
20.dxe6 Qb6xe6
21.Nc3d5 Qe6d7
22.Be2f3 g5
23.Bf4e5 Rh8g8
24.Qd2a5 g4
25.Nd5b6 Qd7b5
26.Qa5xb5 axb5
27.Bf3d5 Bf5e6
28.Bd5xe6 Nc5xe6
29.Nb6xc8 Kxc8
30.Be5g3 Bf8h6
31.Rc1d1 Rg8g6
32.Rd1d5 b6
33.Rd5xb5 Bh6g7
34.Bg3e5 Bg7xe5
35.Rb5xe5 { resign }
1-0

[Event "Match"]
[Site "www.echecsemail.com"]
[Date "2015.08.04"]
[Round "1"]
[White "Monsaur"]
[Black "Tekolste"]
[WhiteElo "2149"]
[BlackElo "1799"]
[Result "0-1"]
[Round "1"]
1.e4 e5
2.f4 exf4
3.Bf1c4 Qd8h4
4.Kf1 d5
5.exd5 g5
6.d4 Bf8d6
7.Ng1f3 Qh4h6
8.Kf2 Ng8e7
9.Nb1c3 Bc8f5
10.Nc3b5 g4
11.Nf3e5 Nb8d7
12.Nb5xd6 cxd6
13.Ne5d3 Qh6h4
14.g3 fxg3
15.hxg3 Qh4f6
16.Nd3f4 h5
17.Rh1xh5 Rh8xh5
18.Nf4xh5 Qf6h8
19.Nh5f4 Ra8c8
20.Bc4b3 Qh8h2
21.Kf1 Qh2h1
22.Ke2 Qh1f3
23.Ke1 Qf3xg3
24.Kf1 Nd7f6
25.Qd1e2 Nf6e4
26.c3 Kf8
27.Qe2g2 Qg3h4
28.Bc1e3 g3
29.Ra1e1 Ne7g6
30.Nf4xg6 fxg6
31.Ke2 Qh4h5
32.Qg2f3 Qh5h2
33.Kf1 g2
{ resign }
0-1

[Event "Match"]
[Site "www.echecsemail.com"]
[Date "2015.08.04"]
[Round "1"]
[White "Drdoom"]
[Black "Ruko"]
[WhiteElo "1770"]
[BlackElo "1910"]
[Result "0-1"]
[Round "1"]
1.e4 e5
2.Ng1f3 Nb8c6
3.d4 exd4
4.Nf3xd4 Bf8c5
5.Nd4xc6 Qd8f6
6.Qd1e2 dxc6
7.g3 Bc8e6
8.Nb1c3 O-O-O
9.Bf1g2 Be6c4
10.Qe2xc4 Qf6xf2
{ resign }
0-1

[Event "Match"]
[Site "www.echecsemail.com"]
[Date "2015.08.04"]
[Round "1"]
[White "Jhw"]
[Black "Olddog55"]
[WhiteElo "1779"]
[BlackElo "1730"]
[Result "1-0"]
[Round "1"]
1.e4 e5
2.Ng1f3 d6
3.c3 Ng8f6
4.Qd1c2 g6
5.d4 Nb8c6
6.d5 Nc6e7
7.Bc1e3 Bf8g7
8.h3 O-O
9.Bf1e2 c6
10.dxc6 bxc6
11.Nb1d2 Qd8c7
12.b4 d5
13.exd5 cxd5
14.Qc2b3 e4
15.Nf3d4 Ne7f5
16.Nd4b5 Qc7e5
17.Be3xa7 Bc8d7
18.Ba7d4 Nf5xd4
19.cxd4 Qe5e7
20.Nb5c7 Ra8b8
21.a3 Nf6e8
22.Nc7xd5 Qe7d6
23.Nd2xe4 Qd6e6
24.Ne4c5 Qe6d6
25.Ra1d1 Ne8c7
26.Nd5xc7 Bg7xd4
27.Nc5xd7 Qd6xd7
28.Nc7d5 Rf8e8
29.Nd5f6 { resign }
1-0

[Event "Tourn. n8299"]
[Site "www.chess-mail.com"]
[Date "2015.08.05"]
[Round "1"]
[White "Bojan"]
[Black "Hundegana"]
[WhiteElo "1890"]
[BlackElo "1950"]
[Result "1-0"]
[Round "1"]
1.e4 c5
2.Ng1f3 d6
3.d4 Ng8f6
4.dxc5 Qd8a5
5.Nb1c3 Qa5xc5
6.h3 h6
7.Bc1e3 Qc5b4
8.Be3d4 e5
9.Nf3xe5 dxe5
10.Bd4xe5 Nf6xe4
11.Qd1e2 Nb8c6
12.Qe2xe4 Qb4xe4
13.Nc3xe4 Nc6xe5
14.f4 Ne5g6
15.g3 Bc8f5
16.Bf1d3 Bf5xe4
17.Bd3xe4 Ra8b8
18.f5 Ng6e5
19.O-O-O Bf8e7
20.Rh1e1 O-O
21.h4 b6
22.Be4d5 Be7f6
23.Bd5g2 Rf8d8
24.b3 Rd8xd1
25.Re1xd1 Ne5g4
26.Bg2f3 Ng4e3
27.Rd1d7 Ne3xf5
28.g4 Nf5xh4
29.Bf3d5 Rb8f8
30.Rd7xa7 Bf6d4
31.a4 Nh4g6
32.Kd2 b5
33.Ra7b7 bxa4
34.bxa4 Ng6e5
35.Rb7b4 Bd4c5
36.Rb4e4 Ne5f3
37.Kd3 Kh8
38.Re4e2 f6
39.Kc4 Nf3e5
40.Kxc5 Ne5xg4
41.a5 Rf8c8
42.Kb6 Ng4e5
43.Bd5b7 Rc8c4
44.Re2d2 Kh7
45.a6 Rc4a4
46.a7 Ne5c4
47.Kb5 Ra4xa7
48.Bb7e4 g6
49.Kxc4 Ra7e7
50.Be4d5 h5
51.Kd3 Kh6
52.c4 h4
53.Rd2e2 Re7a7
54.c5 g5
55.Ke4 Kg6
56.Kf3 Ra7a3
57.Kf2 Ra3c3
58.c6 g4
59.Bd5e4 f5
60.Re2c2 Rc3h3
61.Be4g2 Rh3a3
62.c7 h3
63.c8Q g3
64.Kg1 hxg2
65.Kxg2 Kg5
66.Rc2c3 Ra3xc3
67.Qc8xc3 f4
68.Qc3f3 Kf5
69.Kh3 Ke5
70.Kg4 g2
71.Qf3xg2 f3
72.Qg2xf3 { resign }
1-0

[Event "Tourn. n8243"]
[Site "www.chess-mail.com"]
[Date "2015.08.05"]
[Round "1"]
[White "Scasan55"]
[Black "Falcoale"]
[WhiteElo "1930"]
[BlackElo "1850"]
[Result "1-0"]
[Round "1"]
1.e4 c5
2.Ng1f3 e6
3.d4 cxd4
4.Nf3xd4 Bf8c5
5.Bc1e3 Bc5e7
6.Bf1d3 b6
7.Qd1g4 g6
8.O-O Ng8f6
9.Qg4f3 Bc8b7
10.Nb1c3 a6
11.a4 Nb8c6
12.Nd4xc6 Bb7xc6
13.Be3h6 Nf6g8
14.Bh6g7 Be7f6
15.Bg7xh8 Bf6xh8
16.Qf3f4 Ng8e7
17.Qf4h6 Bh8xc3
18.bxc3 d6
19.Qh6xh7 Kd7
20.Qh7xf7 Qd8g8
21.Qf7xg8 Ra8xg8
22.Bd3xa6 Bc6xe4
23.Ba6d3 Be4d5
24.a5 bxa5
25.Ra1xa5 Ne7f5
26.Bd3b5 Ke7
27.c4 Bd5e4
28.c3 Nf5h4
29.Ra5a7 Kf6
30.f3 Be4d3
31.Rf1d1 Bd3f5
32.Rd1xd6 g5
33.c5 g4
34.f4 Nh4g6
35.g3 Ng6e7
36.Rd6d7 Ne7c8
37.Ra7c7 Rg8f8
38.Kf2 Bf5e4
39.Ke3 Be4f3
40.Bb5e2 Bf3xe2
41.Kxe2 Rf8h8
42.Kd3 Rh8g8
43.Ke4 Rg8e8
44.Rd7f7 Kg6
45.Ke5 Re8h8
46.Rf7f6 Kh5
47.Rc7g7 Rh8h6
48.Rg7g5 { resign }
1-0

[Event "Tourn. n8346"]
[Site "www.chess-mail.com"]
[Date "2015.08.05"]
[Round "1"]
[White "Mitja"]
[Black "Bojan"]
[WhiteElo "1770"]
[BlackElo "1930"]
[Result "0-1"]
[Round "1"]
1.d4 g6
2.c3 Bf8g7
3.e3 e5
4.dxe5 Bg7xe5
5.Ng1f3 Be5g7
6.Nb1d2 d5
7.Nd2b3 b6
8.Nf3d4 Ng8e7
9.Bf1b5 c6
10.Bb5e2 c5
11.Nd4f3 Bc8e6
12.h3 Nb8c6
13.Nf3g5 Be6f5
14.c4 h6
15.Ng5f3 Qd8c7
16.cxd5 Ra8d8
17.O-O Ne7xd5
18.Qd1e1 Nc6b4
19.Be2d1 Nb4d3
20.Qe1e2 O-O
21.Nf3e1 Nd3xc1
22.Ra1xc1 Rf8e8
23.Ne1f3 Qc7d7
24.Nb3a1 Nd5f4
25.Qe2c4 Re8e4
26.Qc4b3 Nf4xg2
27.Kxg2 Bf5xh3
{ resign }
0-1